000 00691cam a22002411 4500
001 sa 68010765
003 DLC
005 20260227112555.0
008 900124s1968 ii b 000 0 hino
010 _asa 68010765
035 _a(OCoLC)20951028
040 _aDLC
_cWaU
_dDLC
042 _apremarc
050 0 0 _aH61
_b.S514
100 1 _aSharma, Gopal,
_d1919-
245 1 0 _aSāmājika vijñānoṃ kī pāribhāshika śabdāvalī kā samīkshātmaka adyayana.
260 _c1968.
300 _aix, 352 p.
_c24 cm.
500 _aIn Hindi.
504 _aBibliography: p. [326]-329.
650 0 _aSocial sciences
_xTerminology.
650 0 _aEnglish language
_xTranslating into Hindi.
999 _c83524
_d83524